LDR 01494nam a2200253 i 4500 001 000000043750 003 CaOOAMICUS 005 20260520113333.0 008 101012s1995 it u000 u eng u 020 $a88-8587-624-2 040 $aSeMil$bita 245 00$aChurch and its most basic element /$cedited by Paul Pallath. 260 $aRome :$bHerder,$c1995. 300 $aviii, 212 p. ;$c22 cm. 505 0 $a"The eucharist makes the Church" : an orthodox proposal and its impact / Farrugia, Edward George. -- Liturgy makes the Church : towards a catholic sacramental ecclesiology / Pallath, Paul. -- Church as tradition / Powathil, Joseph. -- Life of our life : understanding the liturgy / Johnson, Cuthber. -- Liturgy and spiritual life or liturgical spirituality? / Triacca, Achille Maria. -- Liturgical norms in the code af canons of the eastern churches / Salachas, Dīmītrios. -- Church sui iuris, ethos and moral theology / Petrà, Basilio 650 4$aChiesa - Liturgia.$0(OLS)http://semarc/subject/9365 700 1 $aPallath, Paul,$d<1959- >.$0(OLS)http://semarc/name/21731 850 $aSeMil 852 $aSeMil$W1$xVenegono$y1$m2B II 616$j272298$B9905$CSeMilBibl$Z2$F9905 $81 961 $aAcquisto: Casa editrice 996 $6020$a88-8587-624-2$9(OLS)http://semarc/number/15415 996 $6245$aChurch and its most basic element$9(OLS)http://semarc/title/64402 996 $6260$aRome :$bHerder$9(OLS)http://semarc/publisher/30136